Z Cancúnu zpět do Ženevy

Neúspech ministerskej konferencie Svetovej obchodnej organizácie spomalí liberalizáciu. Rokovanie o poľnohospodárstve. Obchod a životné prostredie. Dopad neúspechu konferencie na Českú republiku.

Enregistré dans:
Détails bibliographiques
Auteur principal: Štěrbová, Ludmila
Format: Chapitre de livre
Langue:tchèque
Sujets:
Tags: Ajouter un tag
Pas de tags, Soyez le premier à ajouter un tag!

MARC

LEADER 00000naa$a2200000$$$4500
001 0002386
005 20231004071320.5
041 0 |a cze 
044 |a CZ 
245 1 0 |a Z Cancúnu zpět do Ženevy  |c aut. Ludmila Štěrbová 
520 |a Neúspech ministerskej konferencie Svetovej obchodnej organizácie spomalí liberalizáciu. Rokovanie o poľnohospodárstve. Obchod a životné prostredie. Dopad neúspechu konferencie na Českú republiku. 
610 2 0 |a obchod svetový 
610 2 0 |a konferencie 
610 2 0 |a Svetová obchodná organizácia 
610 2 0 |a 2003 
100 1 |a Štěrbová, Ludmila